Statistiques concernant Pays de A à Z

Cliquez ici pour prendre le quiz!

Statistiques générales

  • Ce quiz a été pris 3 110 fois
  • Le résultat moyen est 22 sur 24

Statistiques - réponses

LettresRéponse% Correct
AAfghanistan / Afrique du Sud / Albanie / Algérie / Allemagne / Andorre / Angola / Antigua et Barbuda / Arabie Saoudite / Argentine / Arménie / Australie / Autriche / Azerbaïdjan
99%
BBahamas / Bahreïn / Bangladesh / Barbade / Belgique / Belize / Bénin / Bhoutan / Birmanie / Bolivie / Bosnie-Herzégovine / Botswana / Brésil / Brunei / Bulgarie / Burkina Faso / Burundi
99%
CCambodge / Cameroun / Canada / Cap Vert / Chili / Chine / Chypre / Colombie / Comores / Congo / Corée du nord / Corée du sud / Costa Rica / Côte d'Ivoire / Croatie / Cuba
99%
EEgypte / Emirats Arabes Unis / Equateur / Erythrée / Espagne / Estonie / Eswatini / Etats-Unis / Ethiopie
99%
FFinlande / France / Fidji
99%
DDanemark / Djibouti / Dominique
97%
IIles Marshall / Iles Salomons / Inde / Indonésie / Irak / Iran / Irlande / Islande / Israël / Italie
97%
GGabon / Gambie / Géorgie / Ghana / Grèce / Grenade / Guatemala / Guinée / Guinée équatoriale / Guinée-Bissau / Guyana
95%
MMaurice / Macédoine / Madagascar / Malaisie / Malawi / Maldives / Mali / Malte / Maroc / Mauritanie / Mexique / Micronésie / Moldavie / Monaco / Mongolie / Mozambique
95%
JJamaïque / Japon / Jordanie
94%
LLaos / Lesotho / Lettonie / Liban / Liberia / Libye / Liechtenstein / Lituanie / Luxembourg
94%
PPakistan / Palaos / Panama / Papouasie Nouvelle Guinée / Paraguay / Pays Bas / Pérou / Philippines / Pologne / Portugal
93%
HHaïti / Honduras / Hongrie
92%
NNamibie / Nauru / Népal / Nicaragua / Niger / Nigeria / Norvège / Nouvelle Zélande
92%
RRépublique centrafricaine / République démocratique du Congo / République Dominicaine / République Tchèque / Roumanie / Royaume Uni / Russie / Rwanda
91%
KKazakhstan / Kenya / Kirghizstan / Kiribati / Koweït / Kosovo
90%
SSainte Lucie / Saint Marin / Saint Vincent et les Grenadines / Salvador / Samoa / Sao Tomé e Principe / Sénégal / Serbie / Seychelles / Sierra Leone / Singapour / Slovaquie / Slovénie / Somalie / Soudan / Soudan du Sud / Sri Lanka / Suède / Suisse / Suriname / Syrie
90%
TTaiwan / Tadjikistan / Tanzanie / Tchad / Thailande / Timor oriental / Togo / Tonga / Trinité et Tobago / Tunisie / Turkménistan / Turquie / Tuvalu
88%
QQatar
83%
UUkraine / Uruguay
83%
OOman / Ouganda / Ouzbékistan
82%
ZZambie / Zimbabwe
81%
VVanuatu / Venezuela / Vietnam
79%
YYemen
78%

Distribution des résultats

Percentile par nombre de réponses

% des personnes avec chaque résultat

Votre développement - résultats

Vous n’avez pas pris ce quiz